000 02494cam a2200229 4500500
005 20251228074328.0
041 _afre
042 _adc
100 1 0 _aCovez, Corinne
_eauthor
245 0 0 _aDevenirs fragiles
260 _c2010.
500 _a3
520 _aCe texte propose d’explorer les notions rattachées à la fragilité des enfants ou adolescents en France et en Angleterre. L’approche ethnographique utilisée lors d’une recherche effectuée dans le cadre Interreg III permet de découvrir les cultures d’enseignement ainsi que les contextes français et anglais qui se révèlent à travers un projet de cirque interculturel mixant des jeunes en difficulté ou at risk. L’activité circassienne est alors conçue comme outil de remédiation à soi, avec les autres, qui dépasse la stigmatisation pour rencontrer l’autre.
520 _aThis text aims to explore the notions in link with children or adolescent fragility in France and England. The ethnographic approach used during a research within the framework of in Interreg project allows to discover the teaching cultures as well as the french and english contexts that are revealed through an intercultural cicus project mixing french and english youth en difficulté ou at risk. Those adolescent meet learning and socialisation difficulties but also inclusion into the society. The circus activity is then conceived as tools to remediate to the self with others, which overcome the stigmatisation to meet the other.
520 _aEste texto examina el tema de la fragilidad de los ninos y adolecentes en Francia e Inglaterra. El enfoque etnografico utilizado para una investigacion como la del Proyecto Interreg III nos permite descubrir no solamente las culturas de ensenanza sinoque tambien los contextos franceses e ingleses que se revelan a traves de un proyecto de circo intercultural juntando jovenes en dificultad o « at risk ». Estos adolecentes se encuentran con dificultades de aprendizaje, de socialisacion en clase y de integracion en la sociedad. Practicar el circo es por lo tanto concebido como medio de remediacion a simismo, que supera la estigmatizacion para encontrarse con los demas.
690 _aadolescents en difficulté
690 _aCirque
690 _aethnographie
690 _apratique
786 0 _nSpécificités | 2 | 1 | 2010-01-01 | p. 137-154 | 2256-7186
856 4 1 _uhttps://shs.cairn.info/revue-specificites-2009-1-page-137?lang=fr&redirect-ssocas=7080
999 _c1597609
_d1597609